|
|
|
|
| LEADER |
00000nas a2200000 a 4500 |
| 001 |
ssj0047292 |
| 003 |
WaSeSS |
| 005 |
20200512172242.0 |
| 006 |
m d |
| 007 |
cr n |
| 008 |
070402c20059999paubx pss 0 a0eng c |
| 010 |
|
|
|a 2007247578
|
| 015 |
|
|
|a GBB5I6697
|2 bnb
|
| 016 |
7 |
|
|a 016006581
|2 Uk
|
| 022 |
|
|
|a 2154-4700
|y 1933-8244
|
| 035 |
|
|
|a (WaSeSS)ssj0047292
|
| 037 |
|
|
|b Taylor & Francis Group, LLC, 325 Chestnut Street, Suite 800, Philadelphia, PA 19106
|
| 040 |
|
|
|a SBH
|b eng
|e pn
|c SBH
|d PFM
|d DLC
|d OCLCQ
|d UKMGB
|d OCLCQ
|d OCLCO
|d DLC
|d OCLCF
|d OCLCO
|d VT2
|d OCLCQ
|d OCLCO
|d OCLCQ
|d TSC
|d OCLCQ
|d OCLCO
|d NLE
|d OCLCA
|d BUF
|d AU@
|d OCLCO
|d WYU
|d U3W
|d OCLCO
|d OCLCA
|d DLC
|d WaSeSS
|
| 042 |
|
|
|a pcc
|a nsdp
|
| 050 |
0 |
0 |
|a RC963
|
| 060 |
0 |
0 |
|a W1
|b AR455
|
| 130 |
0 |
|
|a Archives of environmental & occupational health (Online)
|
| 222 |
|
0 |
|a Archives of environmental & occupational health
|b (Online)
|
| 245 |
1 |
0 |
|a Archives of environmental & occupational health
|h [electronic resource].
|
| 246 |
3 |
|
|a Archives of environmental and occupational health
|
| 260 |
|
|
|a [Washington, D.C.] :
|b [Heldref Publications],
|c ©2006-
|
| 310 |
|
|
|a Eight issues per year,
|b 2020-
|
| 321 |
|
|
|a Quarterly,
|b 2007-
|
| 321 |
|
|
|a Bimonthly,
|b 2005-2006
|
| 362 |
0 |
|
|a Vol. 60, no. 1 (Jan./Feb. 2005)-
|
| 500 |
|
|
|a Title from table of contents screen (Journals@Ovid, viewed Apr. 2, 2007).
|
| 500 |
|
|
|a Published: Philadelphia, Pa. : Taylor and Francis, 2010-
|
| 506 |
|
|
|a License restrictions may limit access.
|
| 515 |
|
|
|a Some issues combined.
|
| 538 |
|
|
|a Mode of access: World Wide Web.
|
| 588 |
|
|
|a Latest issue consulted: Vol. 75, no. 2 (2020) (Taylor & Francis website, viewed March 9, 2020).
|
| 650 |
|
0 |
|a Medicine, Preventive
|v Periodicals.
|
| 650 |
|
0 |
|a Medicine, Industrial
|v Periodicals.
|
| 650 |
|
0 |
|a Environmental health
|v Periodicals.
|
| 650 |
|
0 |
|a Occupational diseases
|v Periodicals.
|
| 650 |
|
7 |
|a Environmental health.
|2 fast
|0 (OCoLC)fst00912999
|
| 650 |
|
7 |
|a Medicine, Industrial.
|2 fast
|0 (OCoLC)fst01015256
|
| 650 |
|
7 |
|a Medicine, Preventive.
|2 fast
|0 (OCoLC)fst01015324
|
| 650 |
|
7 |
|a Occupational diseases.
|2 fast
|0 (OCoLC)fst01043175
|
| 650 |
1 |
2 |
|a Environmental Health
|v Periodicals.
|
| 650 |
2 |
2 |
|a Occupational Medicine
|v Periodicals.
|
| 655 |
|
0 |
|a Electronic journals.
|
| 776 |
0 |
8 |
|i Print version:
|t Archives of environmental & occupational health
|x 1933-8244
|w (DLC) 2006251216
|w (OCoLC)70342904
|
| 780 |
0 |
0 |
|t Archives of environmental health (Online)
|x 2331-4303
|w (DLC) 2007247577
|w (OCoLC)49933800
|
| 850 |
|
|
|a DLC
|
| 856 |
4 |
0 |
|z Full text available from Research Library: 01/01/2005 to 10/31/2010
|u https://search.proquest.com/publication/28654
|